Social Work For UGC NET/ JRF/SLET and Other Competitive Exams / (Record no. 206895)

MARC details
000 -LEADER
fixed length control field 00640nam a22001817a 4500
005 - DATE AND TIME OF LATEST TRANSACTION
control field 20241105122251.0
010 ## - LCCN (DPL NO)
LC control number ENG-142569
020 ## - INTERNATIONAL STANDARD BOOK NUMBER
Terms of availability 695.00
International Standard Book Number 9788178441559
035 ## - SYSTEM CONTROL NUMBER
System control number EN-126101
037 ## - SOURCE OF ACQUISITION
Source of stock number/acquisition DBAD
082 ## - DEWEY DECIMAL CLASSIFICATION NUMBER
Classification number 000
100 ## - MAIN ENTRY--PERSONAL NAME
Personal name B, Siddaramu
245 ## - TITLE STATEMENT
Title Social Work For UGC NET/ JRF/SLET and Other Competitive Exams /
Statement of responsibility, etc By Siddaramu B
260 ## - PUBLICATION, DISTRIBUTION, ETC. (IMPRINT)
Place of publication, distribution, etc New Delhi
Name of publisher, distributor, etc K.K. Publications
Date of publication, distribution, etc 2014
270 ## - ADDRESS
City New Delhi
Address 4806/24, Bharat Ram Road Darya Ganj,
Postal code 110002
Telephone number 011-23285167, 011-65185557, 011-64527574
Fax number 011-47340207
Electronic mail address kkpdevinder@vsnl.net
300 ## - PHYSICAL DESCRIPTION
Extent 248p.
Dimensions 23cm(Hb)
942 ## - ADDED ENTRY ELEMENTS (KOHA)
Source of classification or shelving scheme Dewey Decimal Classification
Item type English Books
Classification part 000
Call number suffix BSI
Holdings
Withdrawn status Lost status Not for loan Collection code Home library Current library Date acquired Source of acquisition Cost, normal purchase price Full call number Barcode Copy number Cost, replacement price Koha item type
      Non-fiction Bawana Bawana 05/11/2024 DBAD 695.00 000 BSI EN-126101 1 695.00 English Books

© Delhi Public Library
Hit Counter
free hit counter